सन्ना (Record no. 41096)

MARC details
000 -LEADER
fixed length control field 00479nam a2200181Ia 4500
008 - FIXED-LENGTH DATA ELEMENTS--GENERAL INFORMATION
fixed length control field 090123s9999 xx 000 0 und d
082 ## - DEWEY DECIMAL CLASSIFICATION NUMBER
Item number 3016
Classification number 891.463/कदम
100 ## - MAIN ENTRY--PERSONAL NAME
Personal name कदम बाबा
245 ## - TITLE STATEMENT
Title सन्ना
250 ## - EDITION STATEMENT
Edition statement 1
260 ## - PUBLICATION, DISTRIBUTION, ETC. (IMPRINT)
Name of publisher, distributor, etc "रंजना,कनकेश्वर"
300 ## - PHYSICAL DESCRIPTION
Extent 306
600 ## - SUBJECT ADDED ENTRY--PERSONAL NAME
Personal name कदम बाबा
630 ## - SUBJECT ADDED ENTRY--UNIFORM TITLE
Uniform title सन्ना
700 ## - ADDED ENTRY--PERSONAL NAME
Personal name कदम बाबा
730 ## - ADDED ENTRY--UNIFORM TITLE
Uniform title सन्ना
942 ## - ADDED ENTRY ELEMENTS (KOHA)
Koha item type Book
Holdings
Withdrawn status Lost status Damaged status Not for loan Home library Current library Date acquired Cost, normal purchase price Total Checkouts Full call number Barcode Date last seen Cost, replacement price Price effective from Koha item type
      Added to bundle Jawahar Wachalanalaya, Kalwa Jawahar Wachalanalaya, Kalwa 03/31/2003 10.00   3016 KLW-3016 01/23/2009 10.00 01/23/2009 Book